000 00631nam a2200205Ia 4500
003 GCL
008 140319s9999 xx 000 0 ara d
040 _aGCL /
_cGCL
082 0 4 _a547
_bم ن
100 1 _aمحمد نزار ابراهيم
245 1 0 _aنظرة شاملة فى الكيمياء العضوية /
_cمحمد نزار ابراهيم
700 1 _aمروان زكريا
700 1 _aالسيد خالد الغنام
700 1 _aفوزى رديف
260 _a[S.N] :
_bجامعة الموصل ،
_c1984
300 _a540 ص
490 _a
650 0 4 _aالكيمياء العضوية
942 _2ddc
_cBK
999 _c52688
_d52688